Islandská krize jako memento pro budoucnost

Najrýchlejšia a najhlbšia finančná kríza na Islande. Pomoc od MMF a susedov. Dôvody pre vznik islandskej krízy. Príliš veľký bankový sektor. Príliš malé devízové rezervy. Ekonomika na tretine výkonu. Štyri prvky zraniteľnosti.

Gespeichert in:
Bibliographische Detailangaben
Format: Buchkapitel
Sprache:Tschechisch
Schlagworte:
Tags: Tag hinzufügen
Keine Tags, Fügen Sie das erste Tag hinzu!

MARC

LEADER 00000naa$a2200000$$$4500
001 0088555
005 20231010095409.4
041 0 |a cze 
044 |a CZ 
245 1 0 |a Islandská krize jako memento pro budoucnost 
520 |a Najrýchlejšia a najhlbšia finančná kríza na Islande. Pomoc od MMF a susedov. Dôvody pre vznik islandskej krízy. Príliš veľký bankový sektor. Príliš malé devízové rezervy. Ekonomika na tretine výkonu. Štyri prvky zraniteľnosti. 
610 2 0 |a kríza 
610 2 0 |a Island 
610 2 0 |a banky 
610 2 0 |a výkonnosť ekonomiky